| 000 | 01181nam a22002777a 4500 | ||
|---|---|---|---|
| 999 |
_c64515 _d64515 |
||
| 005 | 20240530110735.0 | ||
| 008 | 180715s2005 ua g b 000 0 ara d | ||
| 017 |
_a2005/20859 _bمصر. دار الكتب |
||
| 040 |
_aEG-CaGPL _cEG-CaGPL |
||
| 082 | 0 | 4 |
_221 _a152.384 / _bد ت |
| 100 | 1 | _aداروين، تشارلس | |
| 245 | 1 | 2 |
_aالتعبير عن الانفعالات فى الانسان والحيوانات / _cتاليف تشارلس داروين ؛ ترجمة وتقديم مجدى محمود المليجى |
| 250 | _aط. 1 | ||
| 260 |
_aالقاهرة : _bالمجلس الاعلى للثقافة، _c2005. |
||
| 300 |
_a726 ص. ؛ _c24 سم |
||
| 490 | 0 |
_aالمشروع القومى للترجمة ؛ _v977. |
|
| 504 | _aيشتمل على ارجاعات ببليوجرافية | ||
| 650 | 0 | 7 |
_2qrmak _aالحركات التعبيرية |
| 650 | 0 | 7 |
_2qrmak _aعلم النفس الفسيولوجى |
| 650 | 0 | 7 |
_2qrmak _aالانفعالات النفسية |
| 650 | 0 | 7 |
_2qrmak _aالعواطف |
| 651 | _2qrmak | ||
| 700 | 0 |
_aمجدى محمود المليجى _eمترجم ومقدم |
|
| 942 |
_2ddc _cBK |
||